000 00294nam a2200121Ia 4500
008 190216s9999||||xx |||||||||||||| ||und||
100 _aManojkumar Sharma
245 0 _aHindi-Paryavarna Adhyayan Sikshana
260 _bTharuna Prakashan
_c2011
300 _a284
650 _aHindi
942 _cBK
999 _c16806
_d16806